Größte Stadt von jedem Kontinent mit D - Statistiken

Allgemein
  • Dieses Quiz wurde 154 mal gespielt
  • Das Durchschnittsergebnis liegt bei 2 aus 6
Antwortstatistiken
Kontinent Stadt Land % Korrekt
Nordamerika Dallas USA
84%
Afrika Daressalam Tansania
51%
Asien Delhi Indien
50%
Ozeanien Darwin Australien
35%
Europa Dnipro Ukraine
16%
Südamerika Duque de Caxias Brasilien
3%
Keine übereinstimmenden Quizze gefunden
Verteilung der Resultate
Anzahl Personen mit jedem Resultat
Perzentil nach korrekt beantworteten Fragen
Ihre Resultats-Entwicklung
Sie haben dieses Quiz noch nicht gespielt